| Tag |
First Indicator |
Second Indicator |
Subfields |
| LEADER |
00000cam a2200000 4500 |
| 001 |
in00002783514 |
| 005 |
20150922151209.0 |
| 008 |
730131s1972 dcua b 000 0 eng |
| 010 |
|
|
|a 72600035
|
| 035 |
|
|
|a (OCoLC)ocm00584582
|
| 035 |
|
|
|a (OCoLC)584582
|
| 040 |
|
|
|a DLC
|b eng
|c DLC
|d UV$
|d OCLCQ
|d BTCTA
|d OCLCG
|d UtOrBLW
|
| 043 |
|
|
|a n-us-co
|
| 049 |
|
|
|a TXAM
|
| 050 |
0 |
0 |
|a QE75
|b .P9 no. 673A-G
|
| 051 |
|
|
|a QE599.U5
|b G45
|c Copy 2.
|
| 082 |
0 |
0 |
|a 557.3/08 s
|a 551.3/5/3
|
| 086 |
0 |
|
|a I 19.16:673A-G
|
| 245 |
0 |
0 |
|a Geological, geophysical, and engineering investigations of the Loveland Basin landslide, Clear Creek County, Colorado, 1963-65 /
|c [by] Charles S. Robinson [and others].
|
| 264 |
|
1 |
|a Washington :
|b U.S. Govt. Print. Off,
|c 1972.
|
| 300 |
|
|
|a v, 43 pages :
|b illustrations ;
|c 29 cm.
|
| 336 |
|
|
|a text
|b txt
|2 rdacontent
|
| 337 |
|
|
|a unmediated
|b n
|2 rdamedia
|
| 338 |
|
|
|a volume
|b nc
|2 rdacarrier
|
| 490 |
1 |
|
|a Geological Survey professional paper 673 A-G
|
| 504 |
|
|
|a Bibliography: page 43.
|
| 505 |
0 |
|
|a Geological investigations / Charles S. Robinson and Fitzhugh T. Lee -- Electrical resistivity investigations / R. Woodward Moore -- Seismic refraction studies / Roderick D. Carroll, James H. Scott, and Fitzhugh T. Lee -- Engineering investigations / John D. Post and Charles S. Robinson -- Compilation of results of geological, geophysical, and engineering investigations / Charles S. Robinson and Fitzhugh T. Lee -- Stability analysis / Robert A. Bohman -- Summary and recommendations / Charles S. Robinson and Fitzhugh T. Lee.
|
| 650 |
|
0 |
|a Landslides
|z Colorado
|z Clear Creek County.
|
| 700 |
1 |
|
|a Robinson, Charles Sherwood,
|d 1920-
|
| 830 |
|
0 |
|a Geological Survey professional paper ;
|v 673-A-G.
|
| 948 |
|
|
|a cataloged
|b h
|c 2012/11/27
|d c
|e mvaldespin
|f 01:51:07 pm
|
| 994 |
|
|
|a C0
|b TXA
|
| 999 |
|
|
|a MARS
|
| 999 |
f |
f |
|s 781e67d3-0fd8-3dcb-b173-b70eb2717497
|i 6f405c59-b5ce-3a10-ad52-598a77b5e72f
|t 0
|
| 952 |
f |
f |
|p normal
|a Texas A&M University
|b College Station
|c Sterling C. Evans Library
|d Evans: US Documents (Annex 5th floor)
|t 0
|e I 19.16:673A-G
|h Superintendent of Documents classification
|i unmediated -- volume
|m A14816491533
|
| 998 |
f |
f |
|a I 19.16:673A-G
|t 0
|l Evans: US Documents (Annex 5th floor)
|